| 000 | 01081nam a22003257a 4500 | ||
|---|---|---|---|
| 003 | CHAP | ||
| 005 | 20220329133415.0 | ||
| 008 | 971013s1992 r 00010 d | ||
| 010 | _a6012 | ||
| 011 | _a6984 | ||
| 035 | _a6207 | ||
| 040 | _cCHAP | ||
| 082 |
_a630.215 _bL62 |
||
| 100 | 0 | 0 |
_aLoomis, R. S. _967620 |
| 245 |
_aCrop ecology _b: productivity and management in agricultural systems |
||
| 260 |
_aCambridge : _bCambridge University Press, _c1992 |
||
| 300 |
_a538 p. _b: ilus. |
||
| 500 | _a60-154 | ||
| 590 |
_aBATCH-UPD _b10 _c20130110 _lUCH01 _h1937 |
||
| 590 |
_aBATCH-UPD _b10 _c20130410 _lUCH01 _h1301 |
||
| 590 |
_aBATCH-UPD _b10 _c20130914 _lUCH01 _h1033 |
||
| 590 |
_aCONVERSION _b10 _c20130109 _lUCH01 _h1304 |
||
| 650 | 1 | 4 |
_aEcología agrícola. _935165 |
| 650 | 1 | 4 |
_aSistemas de cultivo. _9106746 |
| 700 | 0 |
_aConnor, D. J. _927227 |
|
| 901 | _aBK | ||
| 942 | _cLIBRO | ||
| 949 |
_a630.215 L62 _bBC _cLIBRO _d33724000028759 _eLIBRO _gI.166732 _h83054 _i6207 _si _t151.00 |
||
| 949 |
_a630.215 L62 _bBC _cLIBRO _d33724000028767 _eLIBRO _fc.2 _gI.176190 _h87590 _i6207 _si _t333.33 |
||
| 999 |
_c6012 _d6012 |
||